| 000 | 00336nam a2200121Ia 4500 | ||
|---|---|---|---|
| 005 | 20251222143141.0 | ||
| 008 | 251222s9999||||xx |||||||||||||| ||spa|| | ||
| 082 | _a985.011/M42 | ||
| 100 | _aMendizábal Losack, Emilio | ||
| 245 | 0 | _aEstructura y Función en La Cultura Andina: | |
| 264 | _bUniversidad Mayor de San Marcos | ||
| 942 | _cLIB | ||
| 999 |
_c12310 _d12310 |
||